Statistics for Top 12 Memphis Grizzlies of All-Time

Click here to take the quiz!

General Stats

  • This quiz has been taken 175 times
    (62 since last reset)
  • The average score is 8 of 12

Answer Stats

#PlayerWin Shares% Correct
11Ja Morant20.0
100%
1Marc Gasol77.4
98%
3Pau Gasol53.8
98%
4Zach Randolph51.2
92%
2Mike Conley71.4
90%
10Jaren Jackson Jr.21.3
82%
9Tony Allen26.3
48%
8Rudy Gay29.2
47%
7Shareef Abdur-Rahim31.7
45%
12Brandon Clarke19.9
37%
6Mike Miller33.1
32%
5Shane Battier34.9
28%

Score Distribution

Percentile by Number Answered

Percent of People with Each Score

Your Score History

You have not taken this quiz since the last reset